Joueur de la saison en Serie A entre 2010 et 2025 - Statistiques

Statistiques générales
  • Ce quiz a été pris 70 fois
  • Le résultat moyen est 12 sur 16
Statistiques - réponses
Saison Club Joueur % Correct
2023 - 2024 Inter Milan Lautaro Martinez
91%
2011 - 2012 Juventus FC Andrea Pirlo
89%
2012 - 2013 Juventus FC Andrea Pirlo
89%
2013 - 2014 Juventus FC Andrea Pirlo
89%
2021 - 2022 AC Milan Rafael Leao
85%
2020 - 2021 Inter Milan Romelu Lukaku
80%
2018 - 2019 Juventus FC Cristiano Ronaldo
77%
2019 - 2020 Juventus FC Cristiano Ronaldo
77%
2024 - 2025 SSC Naples Scott McTominay
77%
2016 - 2017 Juventus FC Gianluigi Buffon
76%
2022 - 2023 SSC Naples Khvicha Kvaratskhelia
73%
2015 - 2016 Juventus FC Leonardo Bonucci
71%
2010 - 2011 AC Milan Zlatan Ibrahimovic
58%
2014 - 2015 Juventus FC Carlos Tevez
52%
2009 - 2010 Inter Milan Diego Milito
52%
2017 - 2018 Inter Milan Mauro Icardi
41%
Aucun quiz correspondant
Distribution des résultats
% des personnes avec chaque résultat
Percentile par nombre de réponses
Votre historique - résultats
Vous n’avez pas pris ce quiz